000 00920nam a22002177a 4500
008 120723t xxu||||| |||| 00| 0 eng d
020 _a0471158704
050 _aT385.B13
100 _aBacon, Marie Lynn.
245 _aGetting started with microsoft powerpoint 7.0 for windows 95. /
_cLynn Marie Bacon
260 _aNew York:
_bJohn Wiley & Sons,
_c1997.
300 _axii, 217 p.:
_bill.;
_c25cm.
500 _aIncludes index.
505 _aContents: Windows 95 basics -- Introduction -- Creating a presentation -- Editing a presentation -- Formating a presentation -- Inserting objects in a presentation -- Using drawing tools in a presentation -- Creating a slide show -- Appendix.
650 _aPresentation graphics software.
650 _aMicrosoft PowerPoint (Computer file)
650 _aMicrosoft PowerPoint for Windows.
700 _aKronstadt, Babette
700 _aSachs, David
942 _2lcc
_cBK
999 _c1790
_d9290